• 首页
  • 本馆介绍
  • 公告通知
  • 最新文献
  • 馆藏检索
  • 电子资源
  • 读者导购
  • 参考咨询
  • 我的图书馆
  • 登录
  • 详细信息显示
  • 放入我的书架
  • 预约/预借图书
  • 作者相关作品
  • 分类相关作品
  • 丛书相关作品
  • 出版社相关作品

书目信息

  • 表格格式
  • 工作单格式
  • 卡片格式
题名:
中国人口
    
 
作者: 王明远 , 张志学 , 刘玉文 主编
分册:   河北分册
出版信息: 北京   中国财政经济出版社  1987
页数: 510页
开本: 20cm
丛书名:
单 册:
中图分类: C924.2 , C92
科图分类:
主题词: 人口--研究--中国 , 人口--研究--河北 , 人口学
电子资源:
ISBN:
000 00807nam0 2200301 45
001 0187001686
005 20040505102057.7
010    @dCNY4.20
091    @a4166.882
100    @a19900808d1987 em y0chiy0121 ea
101 0  @achi
102    @aCN@b110000
105    @ab i 000yy
106    @ar
200 10 @a中国人口@Azhong guo ren kou@i河北分册@f王明远等主编
210    @a北京@c中国财政经济出版社@d1987
215    @a510页@c地图@d20cm
606    @a人口@x研究@y中国
606    @a人口@x研究@y河北
606 0  @a人口学
690    @aC924.2@v3 
690    @aC92
701  0 @a王明远@Awang ming yuan@4主编
701  0 @a张志学@Azhang zhi xue@4主编
701  0 @a刘玉文@Aliu yu wen@4主编
801  0 @aCN@b深圳图书馆@c20040505
801  2 @aCN@bNLC@c20040505
905    @f2@b202338-339@dC92@e32:1
    
    中国人口.河北分册/王明远等主编.-北京:中国财政经济出版社,1987
    510页:地图;20cm
    
    
    ISBN :CNY4.20
    
●
相关链接 在E读中查询图书 在五车中查询图书 在当当中查询图书 在豆瓣中查询图书


正题名:中国人口     索取号:C92/32:1         预约/预借

序号 登录号 条形码 馆藏地/架位号 状态 备注
1 0202338   001030431   密集书库/ [索取号:C92/32:1] 在馆    
2 0202339   001030440   第一样本阅览室/ [索取号:C92/32:1] 在馆    
唐山师范学院图书馆 欢迎您!
大连网信软件有限公司© 版权所有